| 000 | 00355 a2200157 4500 | ||
|---|---|---|---|
| 001 | 182840 | ||
| 020 | _a85-7480-045-7 | ||
| 040 | _cMagnum | ||
| 100 | _aBarreto, Lima | ||
| 240 | 1 | 0 |
_aTriste fim de Policarpo Quaresma _lpor |
| 245 | 1 | 0 | _aTriste fim de Policarpo Quaresma |
| 300 | _a213 | ||
| 362 | 0 | _a2001 | |
| 697 | _aLITERATURA GERAL | ||
| 942 | _cBK | ||
| 999 |
_c182840 _d182840 |
||